书目信息 |
| 题名: |
预见未来商业
|
|
| 作者: | 王祚彦 著 | |
| 分册: | ||
| 出版信息: | 北京 世界知识出版社 2019 |
|
| 页数: | 14, 245页 | |
| 开本: | 23cm | |
| 丛书名: | ||
| 单 册: | ||
| 中图分类: | F71 | |
| 科图分类: | ||
| 主题词: | 商业模式--研究 | |
| 电子资源: | ||
| ISBN: | 978-7-5012-5846-8 | |
| 000 | 01161nam0 2200241 450 | |
| 001 | 2345319207 | |
| 005 | 20231224124422.57 | |
| 010 | @a978-7-5012-5846-8@dCNY42.80 | |
| 100 | @a20190425d2019 em y0chiy50 ea | |
| 101 | 0 | @achi |
| 102 | @aCN@b110000 | |
| 105 | @aah z 000yy | |
| 200 | 1 | @a预见未来商业@Ayu jian wei lai shang ye@d= The future business@f王祚彦著@zeng |
| 210 | @a北京@c世界知识出版社@d2019 | |
| 215 | @a14, 245页@c图, 摹真@d23cm | |
| 314 | @a王祚彦, 籍贯江苏阜宁, 出生于中国台湾台北, 台湾网络安全协会创会理事长。 | |
| 330 | @a在本书中, 我们探索了这些行业领袖公司, 是如何洞悉自身产品、公司的“核心价值”, 进而来布建适合且又创新的“商业模式”, 而得以成就号令天下的霸业。而那些无法持续掌握产品、公司的“核心价值”, 又遑论会有创新、适当的“商业模式”的公司, 就难免走向破败的命运。从这些商业精英中, 可以学习到经营事业的远见宏观, 创新格局的宽广胸怀, 洞察商机的“核心价值”及无与伦比“商业模式”, 学习到成为预见未来的商人, 学习到成为对人类有贡献的“大商”。 | |
| 510 | 1 | @aFuture business@zeng |
| 606 | 0 | @a商业模式@x研究 |
| 690 | @aF71@v5 | |
| 701 | 0 | @a王祚彦@Awang zuo yan@4著 |
| 801 | 0 | @aCN@b湖北三新@c20190425 |
| 905 | @aZUCC@dF71@e169 | |
| 预见未来商业= The future business/王祚彦著.-北京:世界知识出版社,2019 |
| 14, 245页:图, 摹真;23cm |
| ISBN 978-7-5012-5846-8:CNY42.80 |
| 在本书中, 我们探索了这些行业领袖公司, 是如何洞悉自身产品、公司的“核心价值”, 进而来布建适合且又创新的“商业模式”, 而得以成就号令天下的霸业。而那些无法持续掌握产品、公司的“核心价值”, 又遑论会有创新、适当的“商业模式”的公司, 就难免走向破败的命运。从这些商业精英中, 可以学习到经营事业的远见宏观, 创新格局的宽广胸怀, 洞察商机的“核心价值”及无与伦比“商业模式”, 学习到成为预见未来的商人, 学习到成为对人类有贡献的“大商”。 |
| ● |
| 相关链接 |
|
|
|
正题名:预见未来商业
索取号:F71/169
 
预约/预借
| 序号 | 登录号 | 条形码 | 馆藏地/架位号 | 状态 | 备注 |
| 1 | 2001451367 | 2001451367 | 516书库/ [索取号:F71/169] | 在馆 | |
| 2 | 2001451368 | 2001451368 | 516书库/ [索取号:F71/169] | 在馆 | |
| 3 | 2001451369 | 2001451369 | 516书库/ [索取号:F71/169] | 在馆 | |
| 4 | 2001451370 | 2001451370 | 516书库/ [索取号:F71/169] | 在馆 | |
| 5 | 2001451371 | 2001451371 | 516书库/ [索取号:F71/169] | 在馆 | |
| 6 | 2001451372 | 2001451372 | 516书库/ [索取号:F71/169] | 在馆 | |
| 7 | 2001451373 | 2001451373 | 516书库/ [索取号:F71/169] | 在馆 | |
| 8 | 2001451374 | 2001451374 | 516书库/ [索取号:F71/169] | 在馆 | |
| 9 | 2001451375 | 2001451375 | 516书库/ [索取号:F71/169] | 在馆 | |
| 10 | 2001451376 | 2001451376 | 516书库/ [索取号:F71/169] | 在馆 | |
| 11 | 2001451377 | 2001451377 | 516书库/ [索取号:F71/169] | 在馆 | |
| 12 | 2001451378 | 2001451378 | 516书库/ [索取号:F71/169] | 在馆 | |
| 13 | 2001451379 | 2001451379 | 516书库/ [索取号:F71/169] | 在馆 | |
| 14 | 2001451380 | 2001451380 | 516书库/ [索取号:F71/169] | 在馆 | |
| 15 | 2001451381 | 2001451381 | 516书库/ [索取号:F71/169] | 在馆 | |
| 16 | 2001451382 | 2001451382 | 516书库/ [索取号:F71/169] | 在馆 | |
| 17 | 2001451383 | 2001451383 | 516书库/ [索取号:F71/169] | 在馆 | |
| 18 | 2001451384 | 2001451384 | 516书库/ [索取号:F71/169] | 在馆 | |
| 19 | 2001451385 | 2001451385 | 516书库/ [索取号:F71/169] | 在馆 | |
| 20 | 2001451386 | 2001451386 | 516书库/ [索取号:F71/169] | 在馆 | |
| 21 | 2001451387 | 2001451387 | 516书库/ [索取号:F71/169] | 在馆 | |
| 22 | 2001451388 | 2001451388 | 516书库/ [索取号:F71/169] | 在馆 | |
| 23 | 2001451389 | 2001451389 | 516书库/ [索取号:F71/169] | 在馆 | |
| 24 | 2001451390 | 2001451390 | 516书库/ [索取号:F71/169] | 在馆 | |
| 25 | 2001451391 | 2001451391 | 516书库/ [索取号:F71/169] | 在馆 | |
| 26 | 2001451392 | 2001451392 | 516书库/ [索取号:F71/169] | 在馆 | |
| 27 | 2001451393 | 2001451393 | 516书库/ [索取号:F71/169] | 在馆 | |
| 28 | 2001451394 | 2001451394 | 516书库/ [索取号:F71/169] | 在馆 | |
| 29 | 2001451395 | 2001451395 | 516书库/ [索取号:F71/169] | 在馆 | |
| 30 | 2001451396 | 2001451396 | 516书库/ [索取号:F71/169] | 在馆 |